000 00736nam a2200241Ia 4500
003 OSt
005 20220918222249.0
006 a|||||r|||| 00| 0
007 ta
008 220917b |||||||| |||| 00| 0 eng d
024 _a216,295
037 _cTextual
040 _aARTS
_cARTS
_beng
041 _2eng
_aeng
082 _aW81.450m755.N, P0;1
100 _aParsa Misagh
_9142690
245 0 _aStates, ideologies, and social revolutions
_b A comparative analysis of Iran, Nicaragua and the Philippines
260 _aUK
_bCambridge University press
_c2000
300 _ax, 326 p
_ccm.
650 _aPOLITICAL SCIENCE
942 _hW81.450m755.N, P0;1
_cTEXL
_2CC
999 _c275039
_d275039